00514nam a2200181Ia 4500008004100000020001800041082001600059100002800075245002500103250000600128260002600134300001000160500002400170650001800194942000700212952009600219999001700315230524s9999 xx 000 0 und d a9788190738682 a577.22bMIS aRamakanta Mishra942005 0aNature And Wildlife a1 aBBSRbMagnum Printers a467p; aQuantity Number: 1 aEnvironmental cBK 00104070aTATCLbTATCLcGENd2023-05-24l0o577.22 MISp53858r2023-05-24w2023-05-24yBK c56417d56417